Las naves del descubrimiento y sus hombres

Uloženo v:
Podrobná bibliografie
Hlavní autor: Martínez-Hidalgo y Terán, José María (autor)
Médium: Kniha
Jazyk:španělština
Vydáno: Madrid MAPFRE 1991
Témata:
Tagy: Přidat tag
Žádné tagy, Buďte první, kdo vytvoří štítek k tomuto záznamu!

MARC

LEADER 00000nam a2200000 a 4500
001 UCX6881
003 CL-VaPUC
008 930827e19910000SP |||||||||||||||||spa|d
082 0 4 |a 910  |b MAR  |2 21 
100 |a Martínez-Hidalgo y Terán, José María  |e autor  |9 405563 
245 1 4 |a Las naves del descubrimiento y sus hombres 
300 |a 288 p 
942 |c BK 
945 |d 19930827 00:00:00 
260 |a Madrid  |b MAPFRE  |c 1991 
650 0 |a Navegación   |9 255384 
650 7 |a HISTORIA SIGLO 16  |2 CL-VaPUC  |9 266637 
650 7 |a DESCUBRIMIENTO Y EXPLORACIONES ESPAÑOLES  |2 CL-VaPUC  |9 255282 
651 0 |a América  |9 255182 
651 0 |a España  |9 254926 
583 |a last modification  |c 19930827 00:00:00  |k Rodrigo Vera 
999 |c 226822  |d 226820 
952 |0 0  |1 0  |4 0  |6 910_000000000000000_MAR_1991  |7 0  |8 A  |9 225438  |a BIBHIS  |b BIBHIS  |d 2019-11-15  |i 294135K  |o 910 MAR 1991  |p 294135K  |r 2025-01-20  |w 2019-11-15  |y BK  |k HIS